000 00455nam a2200193Ia 4500
008 170918s9999 xx 000 0 und d
020 _a9780531289952
050 _bB473 2011
100 _aBenoit, Peter
245 4 _aThe hinderburg disaster /
245 _cby Peter Benoit.
260 _aNew York :
260 _bScholastic,
260 _c2011
300 _a48 pages :
300 _bcolored illustration ;
300 _c21cm.
500 _a830
999 _c343096
_d343096